000 00911nam a2200241 i 4500
001 bg
245 0 0 _aTechnologie informatyczne i prognozowanie w zarządzaniu :
_bwybrane zagadnienia /
_cred. nauk. Leszek Kiełtyka, Joanicjusz Nazarko.
260 _aBiałystok :
_bWydawnictwo Politechniki Białostockiej,
_c2005.
300 _a286 s. :
_bwykr. ;
_c24 cm.
490 1 _aRozprawy Naukowe / Politechnika Białostocka,
_x0867-096X ;
_vnr 119
504 _aBibliogr. przy rozdz.
650 9 _aSystemy informatyczne zarządzania
650 9 _aPrzedsiębiorstwo
_xprognozy
_xmetody
650 9 _aZarządzanie
_xmetody
700 1 _aKiełtyka, Leszek
_d(1953- ).
_eRed.
700 1 _aNAZARKO, Joanicjusz.
_eRed.
830 0 _aRozprawy Naukowe (Politechnika Białostocka) ;
_vnr 119
040 _cBPK
041 0 _apol
080 _a658.1/.5.012.2:004
942 _cKS
008 s pl f |000 0 pol
999 _c52701
_d52701
856 _uhttp://koha.tu.koszalin.pl/cgi-bin/koha/opac-detail.pl?biblionumber=52701
_yKatalog online BPK